000 00482nam a2200193Ia 4500
005 20240823014845.0
008 240823s9999||||xx |||||||||||||| ||und||
020 _a81-224-1589-X
041 _aENGLISH
082 _A620.00151535 P5
100 _aBhavikatti S S
245 0 _aFinite Element Analysis
250 _a1st
260 _c2005
_bNew Age International (P
_aNew Delhi
500 _aYES
650 _aFinite
_bAeronautical Engineering
942 _cBK
999 _c171069
_d171069